Normal view MARC view

Entry Personal Name

Number of records used in: 1

001 - CONTROL NUMBER

  • control field: 1236482

003 - CONTROL NUMBER IDENTIFIER

  • control field: OSt

005 - DATE AND TIME OF LATEST TRANSACTION

  • control field: 20260430150115.0

008 - FIXED-LENGTH DATA ELEMENTS

  • fixed length control field: 260430|| aca||aabn | a|a d

040 ## - CATALOGING SOURCE

  • Original cataloging agency: OSt
  • Transcribing agency: OSt

100 ## - HEADING--PERSONAL NAME

  • Personal name: Ankit Au.; Mahendra Nath Gu

670 ## - SOURCE DATA FOUND

  • Source citation: Work cat.: (OSt)1848964: Ankit Au.; Mahendra Nath Gu., Development of Flavone and Isoflavone Based Heterocycles as Antibacterial Agents, 2022
Copyright @ Delhi University Library System